Statistics for All Members of the Jedi Council

Click here to take the quiz!

General Stats

  • This quiz has been taken 20 times
  • The average score is 11 of 20

Answer Stats

Hint Answer % Correct
Samuel JacksonMace Windu
94%
Ewan McGregorObi-Wan Kenobi
94%
Hayden ChristiansenAnakin Skywalker
83%
NautolanKit Fisto
78%
Kel DorPlo Koon
72%
Male UnknownYoda
72%
TholothianAdi Gallia
67%
Female UnknownYaddle
61%
ZabrakEeth Koth
56%
CereanKi-Adi-Mundi
56%
First Jedi killed by PalpatineAgen Kolar
56%
TogrutaShaak Ti
56%
Cousin of #1Stass Allie
56%
ThisspiasianOppo Rancisis
39%
LannikEven Piell
33%
Kanan Jarrus' MasterDepa Billaba
33%
VurkColeman Trebor
28%
IktotchiSaesee Tiin
28%
QuermianYarael Poof
28%
OngreeColeman Kcaj
17%

Score Distribution

Percentile by Number Answered

Percent of People with Each Score

Your Score History

You have not taken this quiz